000 00321nam a22001337a 4500
008 170629b xxu||||| |||| 00| 0 eng d
020 _a9780787292270
041 _aeng
080 _23 ED
_a82
100 _a22
101 _aGJL
245 _aCREDIT UNION BOARD OF DIRECTOR HANDBOOK
_cPIERICK.S
942 _2udc
_cBK
999 _c19648
_d19648